Sieben Stücke nach der Dreigroschenoper /

Hlavní autor: Weill, Kurt, 1900-1950
Další autoři: Frenkel, Stefan, 1902-1979
Jazyk: Nelze použít, není lingvistický obsah
Vydáno: Wien : Universal-Edition, 1930
Edice: Universal-Edition
Fyzický popis: 11, 24 s.
Hudebniny Hudebniny
Uloženo v:
LEADER 00880ncm a22002412a 4500
001 001209837
003 CZ BrMZK
005 20131002104528.0
007 qu
008 120503s1930 au |||||||||||||||||zxx d
040 |a BOA001  |b cze 
072 7 |a 787  |x Hudba pro strunné a smyčcové nástroje  |2 Konspekt  |9 9 
100 1 |a Weill, Kurt,  |d 1900-1950  |7 jn20000701946  |4 cmp 
245 1 0 |a Sieben Stücke  |h [hudebnina] :  |b nach der Dreigroschenoper /  |c Kurt Weill ; für Violine und Klavier bearbeitet von Stefan Frenkel 
260 |a Wien :  |b Universal-Edition,  |c 1930 
300 |a 11, 24 s. 
490 1 |a Universal-Edition ;  |v Nr. 9969 
700 1 |a Frenkel, Stefan,  |d 1902-1979  |7 xx0168016  |4 arr 
830 0 |a Universal-Edition 
910 |a BOA001  |b Mus4-0376.482 
990 |a MU 
991 |b 201204 
996 6 |b 2619613141  |c Mus4-0376.482  |l MZK  |r Sklad / do 1 hodiny  |n 0  |w 001243539  |u 000010  |a 1  |e BOA001  |j MZK50  |s P